000 01703nam a22002897a 4500
003 AR-RoUNCS
005 20260226083108.0
008 260226s2008 ag a br 001 f spa
015 _aAR-2008
020 _a978-950-13-2334-4
040 _aAR-BaBN
_bspa
_cAR-RoUNCS
_eaacr
080 1 _a82-32(410)
_22016
100 1 _aStevenson, Robert Louis,
_d1850-1894
_eautor
245 1 3 _aEl extraño caso del doctor Jekyll y el señor Hyde /
_cRobert L. Stevenson ; estudio preliminar, Javier Escobar Isaza.
250 _a1a ed.
260 _aBuenos Aires :
_bKapelusz,
_c2008.
300 _a176 p. :
_bil. byn ;
_c20 cm.
490 _aGOLU. Grandes Obras de la Literatura Universal ;
_v4
504 _aBibliografía: pág. 173.
520 3 _aLondres, a fines del S. XIX, es una ciudad moderna: suntuosos edificios, calles iluminadas por faroles de gas, elegantes carruajes y peatones refinados... Sin embargo, en medio de tanto esplendor, empiezan a surgir los indicios de una amenaza, a través de los crímenes de un tal señor hyde. A lo largo de un relato que mantiene en vilo al lector, Stevenson va desplegando poco a poco las claves del siniestro personaje, hasta llegar al mayor de todos los misterios: su extraña relación con el doctor Jekyll, un ciudadano ejemplar. Desde el momento de su publicación, esta novela se ha consagrado como una obra maestra del suspenso y con una fascinante indagación del alma humana.
_c(Descripción del editor).
650 7 _2embne
_aLitaratura inglesa
655 7 _aNovelas cortas
_2embne
655 7 _aNovelas fantásticas
_2embne
655 7 _aLibros juveniles
_2embne
700 1 _aEscobar Isaza, Javier
_eautor de estudio preliminar
942 _2udc
_cOG
_n0
999 _c921
_d921